| 000 | 00840nam a22002657a 4500 | ||
|---|---|---|---|
| 005 | 20220329135013.0 | ||
| 008 | 971013s1946 r 10010 d | ||
| 010 | _a29374 | ||
| 011 | _a30346 | ||
| 035 | _a34458 | ||
| 090 | _aFolleto 9493 | ||
| 111 | 0 | 0 |
_aConvención AgrÃcola Peninsular ( _n1 _d: 1946 _c: Izamal, Yuc.) _927614 |
| 245 | _aMemoria | ||
| 260 |
_aMerida : _bZama, _c1946 |
||
| 300 | _a61 p. | ||
| 590 |
_aBATCH-UPD _b10 _c20130110 _lUCH01 _h0140 |
||
| 590 |
_aBATCH-UPD _b10 _c20130110 _lUCH01 _h2010 |
||
| 590 |
_aBATCH-UPD _b10 _c20130410 _lUCH01 _h1329 |
||
| 590 |
_aBATCH-UPD _b10 _c20130914 _lUCH01 _h1932 |
||
| 590 |
_aCONVERSION _b10 _c20130109 _lUCH01 _h1317 |
||
| 650 | 1 | 4 |
_aApicultura _xCongresos. _96253 |
| 650 | 1 | 4 |
_aApicultura _xYucatan. _96283 |
| 901 | _aBK | ||
| 949 |
_aFolleto 9493 _bBC _cEEXP _d-79742 _eESP _i34458 _mD _si |
||
| 999 |
_c29374 _d29374 |
||